Statistics for Biggest Cities in the European Union by Letter - D

Click here to take the quiz!

General Stats

  • This quiz has been taken 138 times
  • The average score is 10 of 20

Answer Stats

Rank Population Country Hint City % Correct
3553,000IrelandGuinness, Baile Atha Cliath Dublin
97%
1612,000GermanyCapital of North Rhine-WestphaliaDüsseldorf
96%
4544,000GermanyFrauenkirche (destroyed in WWII)Dresden
95%
2586,000GermanyFamous soccer club: Borussia...Dortmund
95%
10154,000FranceMustardDijon
89%
5491,000GermanyWorld's biggest inland harborDuisburg
66%
7203,000HungaryCapital from 1944 to 1945Debrecen
60%
2089,000FranceChannel coast, 1940 battleDunkirk
55%
11148,000United KingdomLocated on the Firth of TayDundee
51%
9155,000GermanyAn element is named after this cityDarmstadt
42%
6261,000United KingdomCentre for advanced transport manufacturingDerby
40%
12132,000Spain"Two sisters", in SpanishDos Hermanas
35%
14119,000NetherlandsColloquially called DordtDordrecht
32%
15112,000United KingdomSt. George's MinsterDoncaster
27%
8186,000SpainThe Basque name for San SebastiánDonostia
25%
16101,000NetherlandsAntony van LeeuwenhoekDelft
23%
1799,000NetherlandsRiver IJsselDeventer
12%
13122,000PolandBig city in the Silesian VoivodeshipDąbrowa Górnicza
10%
1893,000RomaniaIron Gates of the DanubeDrobeta-Turnu Severin
7%
1990,000GermanyLeopold Heusch MuseumDüren
3%

Score Distribution

Percentile by Number Answered

Percent of People with Each Score

Your Score History

You have not taken this quiz